Transportation engineering : (Record no. 548150)

000 -LEADER
fixed length control field 00594cam a2200181 a 4500
020 ## - INTERNATIONAL STANDARD BOOK NUMBER
International Standard Book Number 0444005641
082 00 - DEWEY DECIMAL CLASSIFICATION NUMBER
Classification number 380.04068
Author Mark YUT
-- L-37, P-61
100 1# - MAIN ENTRY--PERSONAL NAME
Personal name Yu, Jason C.
9 (RLIN) 44327
245 10 - TITLE STATEMENT
Title Transportation engineering :
Remainder of title introduction to planning, design, and operations /
Statement of responsibility, etc. Jason C. Yu.
260 ## - PUBLICATION, DISTRIBUTION, ETC.
Place of publication, distribution, etc. New York :
Name of publisher, distributor, etc. Elsevier,
Date of publication, distribution, etc. c1982.
300 ## - PHYSICAL DESCRIPTION
Extent xiv, 462 p. :
Other physical details ill. ;
Dimensions 27 cm.
500 ## - GENERAL NOTE
General note Includes index.
526 ## - STUDY PROGRAM INFORMATION NOTE
Program name 0
Interest level 0
Reading level 0
Title point value 380_040680000000000_YUT
650 #0 - SUBJECT ADDED ENTRY--TOPICAL TERM
Topical term or geographic name entry element MCE
9 (RLIN) 379
650 #0 - SUBJECT ADDED ENTRY--TOPICAL TERM
Topical term or geographic name entry element Transportation engineering.
9 (RLIN) 854
650 #0 - SUBJECT ADDED ENTRY--TOPICAL TERM
Topical term or geographic name entry element Transportation
General subdivision Planning.
9 (RLIN) 19652
942 ## - ADDED ENTRY ELEMENTS (KOHA)
Source of classification or shelving scheme
Koha item type Book
Holdings
Withdrawn status Lost status Source of classification or shelving scheme Damaged status Not for loan Permanent Location Current Location Date acquired Total Checkouts Full call number Barcode Date last seen Price effective from Koha item type
          Military College of Engineering (MCE) Military College of Engineering (MCE) 08/22/2014   380.04068 YUT MCE-28755 08/22/2014 08/22/2014 Book
© 2023 Central Library, National University of Sciences and Technology. All Rights Reserved.